United States of America with the longest coastlines - Statistics

General Stats
  • This quiz has been taken 250 times
  • The average score is 9 of 10
Answer Stats
Length (miles) Answer % Correct
1.350 Florida
98%
840 California
97%
367 Texas
96%
6.640 Alaska
95%
296 Oregon
95%
228 Maine
92%
750 Hawaii
88%
301 North Carolina
88%
397 Louisiana
82%
192 Massachusetts
64%
No matching quizzes found
Score Distribution
Percent of People with Each Score
Percentile by Number Answered
Your Score History
You have not taken this quiz